000 00702cam a22001934a 4500
005 20250605164301.0
008 250528s ||||||||||||||||||||||||d
035 _a22078
020 _a9789604455485
040 _aGR-AtMCL
_bgre
_dGR-AtMCL
_eAACR2
245 1 _aΑΕΡΟΠΟΡΙΚΗ ΜΕΤΑΦΟΡΑ ΕΠΙΒΑΤΩΝ / ΣΥΜΦΩΝΑ ΜΕ ΤΙΣ ΔΙΕΘΝΕΙΣ ΣΥΜΒΑΣΕΙΣ, ΤΟ ΕΘΝΙΚΟ ΚΑΙ ΤΟ ΚΟΙΝΟΤΙΚΟ ΔΙΚΑΙΟ ΑΕΡΟΠΟΡΙΚΩΝ ΜΕΤΑΦΟΡΩΝ
250 _a2
260 _bΣακκουλα,
_c2010
300 _a383
700 1 _aΧατζηνικολαου-Αγγελιδου Ρανια
_97954
942 _cBK
999 _c7134
_d7134